New York Mets Career Records - Statistics

General Stats
  • This quiz has been taken 522 times
  • The average score is 7 of 13
Answer Stats
Hint Answer % Correct
Wins (198) Tom Seaver
91%
Home Runs (252) Darryl Strawberry
90%
Hits (1777) David Wright
88%
Stolen Bases (388) Jose Reyes
73%
Slugging Percentage (.542) Mike Piazza
64%
Win-Loss Percentage (.649) Dwight Gooden
61%
Saves (276) John Franco
56%
Losses (137) Jerry Koosman
49%
Games Played (1853) Ed Kranepool
33%
Hits Allowed / 9IP (6.51) Nolan Ryan
28%
At Bats per Home Run (15.1) Dave Kingman
26%
Batting Average (.315) John Olerud
26%
Strikeouts / 9IP (8.72) David Cone
14%
No matching quizzes found
Score Distribution
Percent of People with Each Score
Percentile by Number Answered
Your Score History
You have not taken this quiz